00616nam a22001937a 450000500170000001000150001702000270003203500140005903700130007308200080008624500820009425000160017626000540019227000540024630000210030049000590032170000220038070000200040220181014161851.0 aENG-124279 c1000.00a9788184702163 aEN-107811 bDBAD/PUB a881 aThe study of stolen love /ctranslated by David C. Buck [and] K. Paramasivam  arevised ed. aPondicherybInstitut Francais De Pondicheryc2017 a11, rur Saint Louis, B.P.33, bPondicherye605001 a343p.c25cm(pbk) aRegards sur I Asie due Sud/ South Asian Perspective -9 a Buck, David C. a Paramasivam K.